[Event "Liptovsky Jan op"]
[Site "Liptovsky Jan"]
[Date "2022.06.26"]
[Round "7"]
[White "Freibergs, Filips"]
[Black "Marcek, Jan"]
[Result "1-0"]
[WhiteElo "1250"]
[BlackElo "1601"]
[PlyCount "34"]
[EventDate "2022.06.23"]
[EventType "swiss"]
[EventRounds "7"]
[EventCountry "SVK"]
[SourceTitle "CBM 209 Extra"]
[Source "ChessBase"]
[SourceDate "2022.09.30"]
[SourceVersion "1"]
[SourceVersionDate "2022.09.30"]
[SourceQuality "1"]

1. d4 e6 2. Nf3 d6 3. e3 Nd7 4. Nbd2 a6 5. b3 Be7 6. Bb2 b6 7. Bd3 Bb7 8. 0-0 Ngf6 9. c4 c5 10. Qc2 Rc8 11. Ne4 cxd4 12. Bxd4 e5 13. Bb2 h6 14. Rad1 Qc7 15. Rd2 Nc5 16. Nxf6+ gxf6 17. Bf5 Rg8 1-0

[Event "Liptovsky Jan op"]
[Site "Liptovsky Jan"]
[Date "2022.06.25"]
[Round "4"]
[White "Marcek, Jan"]
[Black "Nedoba, Jakub"]
[Result "1-0"]
[WhiteElo "1601"]
[BlackElo "1158"]
[PlyCount "71"]
[EventDate "2022.06.23"]
[EventType "swiss"]
[EventRounds "7"]
[EventCountry "SVK"]
[SourceTitle "CBM 209 Extra"]
[Source "ChessBase"]
[SourceDate "2022.09.30"]
[SourceVersion "1"]
[SourceVersionDate "2022.09.30"]
[SourceQuality "1"]

1. e4 d5 2. e5 Bf5 3. d4 e6 4. Nf3 c5 5. c3 Nc6 6. Bd3 Bg6 7. 0-0 Nge7 8. Na3 a6 9. Nc2 Nf5 10. Re1 b5 11. Ne3 Nxe3 12. Bxe3 Be7 13. dxc5 b4 14. Qe2 Qc8 15. a3 bxc3 16. b4 Bh5 17. Qf1 Bxf3 18. gxf3 Nxe5 19. Be2 Nc6 20. Qg2 Bf6 21. Rac1 h5 22. f4 d4 23. b5 axb5 24. Bxb5 dxe3 25. Bxc6+ Ke7 26. Rxe3 Rxa3 27. f5 Qa6 28. fxe6 Ra1 29. exf7+ Kxf7 30. Qd5+ Kg6 31. Rg3+ Kh6 32. Rxa1 Qxa1+ 33. Kg2 Rd8 34. Qf7 Qb1 35. Bf3 c2 36. Qxh5# 1-0

[Event "Bratislava Slovan op"]
[Site "Bratislava"]
[Date "2019.05.08"]
[Round "9"]
[White "Rezak, Milan"]
[Black "Marcek, Jan"]
[Result "1-0"]
[WhiteElo "1909"]
[BlackElo "1618"]
[PlyCount "67"]
[EventDate "2019.05.01"]
[EventType "swiss"]
[EventRounds "9"]
[EventCountry "SVK"]
[SourceTitle "CBM 190 Extra"]
[Source "ChessBase"]
[SourceDate "2019.07.15"]
[SourceVersion "1"]
[SourceVersionDate "2019.07.15"]
[SourceQuality "1"]

1. e4 c5 2. Nf3 d6 3. c3 Nf6 4. Bc4 e6 5. d3 a6 6. 0-0 Nc6 7. Bb3 Be7 8. Re1 Qc7 9. d4 Na5 10. Bc2 0-0 11. Qe2 b5 12. e5 Ne8 13. exd6 Nxd6 14. dxc5 Ndb7 15. b4 Nc6 16. Qe4 f5 17. Qe2 Bf6 18. Bb3 Nbd8 19. Ng5 Bxg5 20. Bxg5 Qf7 21. Bf4 Re8 22. Nd2 Qg6 23. Nf3 h6 24. Nd4 Nxd4 25. cxd4 Nc6 26. Qd2 Bb7 27. d5 Rad8 28. Bd6 exd5 29. Bxd5+ Kh8 30. a3 Rd7 31. Rxe8+ Qxe8 32. Re1 Qd8 33. Be6 Rc7 34. Qf4 1-0

[Event "Bratislava Slovan op"]
[Site "Bratislava"]
[Date "2019.05.06"]
[Round "7"]
[White "Machalec, Vladimir"]
[Black "Marcek, Jan"]
[Result "1-0"]
[WhiteElo "1852"]
[BlackElo "1618"]
[PlyCount "101"]
[EventDate "2019.05.01"]
[EventType "swiss"]
[EventRounds "9"]
[EventCountry "SVK"]
[SourceTitle "CBM 190 Extra"]
[Source "ChessBase"]
[SourceDate "2019.07.15"]
[SourceVersion "1"]
[SourceVersionDate "2019.07.15"]
[SourceQuality "1"]

1. c4 e6 2. Nf3 d6 3. g3 c6 4. Bg2 Nf6 5. 0-0 Be7 6. Nc3 0-0 7. d4 d5 8. cxd5 Nxd5 9. e4 Nxc3 10. bxc3 Nd7 11. Be3 Nf6 12. Nd2 Qa5 13. Qb3 Ng4 14. Nc4 Qh5 15. h3 Nxe3 16. Nxe3 Kh8 17. Qd1 Qxd1 18. Rfxd1 f5 19. f4 g5 20. fxg5 Bxg5 21. Nc2 fxe4 22. Bxe4 e5 23. h4 Bf6 24. d5 Bd7 25. Rab1 Rab8 26. Ne3 Rg8 27. Kh2 c5 28. Rf1 Rgf8 29. Rb2 b6 30. Rbf2 Kg7 31. c4 a6 32. Bf5 Rbd8 33. Bxh7 Be7 34. Bf5 Bd6 35. Bxd7 Rxf2+ 36. Rxf2 Rxd7 37. Nf5+ Kg6 38. Nxd6 Rxd6 39. g4 b5 40. h5+ Kg5 41. Kg3 bxc4 42. Rf5+ Kh6 43. Rxe5 Kg7 44. Kf4 c3 45. Ke3 c4 46. Kd4 c2 47. Re1 Rf6 48. Ke5 Rf2 49. Rc1 Re2+ 50. Kd6 Kf6 51. Kc7 1-0

[Event "Bratislava Slovan op"]
[Site "Bratislava"]
[Date "2019.05.05"]
[Round "6"]
[White "Marcek, Jan"]
[Black "Pinter, Jozef"]
[Result "1/2-1/2"]
[WhiteElo "1618"]
[BlackElo "1898"]
[PlyCount "31"]
[EventDate "2019.05.01"]
[EventType "swiss"]
[EventRounds "9"]
[EventCountry "SVK"]
[SourceTitle "CBM 190 Extra"]
[Source "ChessBase"]
[SourceDate "2019.07.15"]
[SourceVersion "1"]
[SourceVersionDate "2019.07.15"]
[SourceQuality "1"]

1. e4 c5 2. Nf3 d6 3. c3 Nf6 4. d3 Nc6 5. Be2 g6 6. Be3 Bg7 7. 0-0 0-0 8. h3 Qc7 9. Na3 a6 10. Nc2 b6 11. Qd2 Bb7 12. Bh6 Rfe8 13. Nh2 d5 14. exd5 Nxd5 15. Bxg7 Kxg7 16. f4 1/2-1/2

[Event "Bratislava Slovan op"]
[Site "Bratislava"]
[Date "2019.05.04"]
[Round "4"]
[White "Marcek, Jan"]
[Black "Kukan, Michal"]
[Result "1-0"]
[WhiteElo "1618"]
[BlackElo "1731"]
[PlyCount "155"]
[EventDate "2019.05.01"]
[EventType "swiss"]
[EventRounds "9"]
[EventCountry "SVK"]
[SourceTitle "CBM 190 Extra"]
[Source "ChessBase"]
[SourceDate "2019.07.15"]
[SourceVersion "1"]
[SourceVersionDate "2019.07.15"]
[SourceQuality "1"]

1. e4 d6 2. Bc4 Nf6 3. d3 g6 4. c3 Bg7 5. h3 0-0 6. Be3 c5 7. Nd2 Nc6 8. a3 a6 9. Ne2 b5 10. Ba2 b4 11. Bd5 Nxd5 12. exd5 Ne5 13. Nc4 Bb7 14. Nxe5 Bxe5 15. 0-0 Bxd5 16. f4 Bg7 17. Qd2 bxc3 18. Nxc3 Bb7 19. Ne2 Qd7 20. Rf2 Qb5 21. d4 Rfd8 22. Raf1 e5 23. fxe5 dxe5 24. Bh6 f5 25. Bxg7 Kxg7 26. Qg5 Kg8 27. Ng3 f4 28. Nh5 Rf8 29. dxe5 Rf5 30. Nf6+ Kg7 31. Qh4 h6 32. Rxf4 Qe2 33. R4f2 Rxf2 34. Rxf2 Qe1+ 35. Kh2 Qxe5+ 36. g3 Qe1 37. Nh5+ Kg8 38. Nf6+ Kf7 39. Ne4+ Ke8 40. Nf6+ Kd8 41. Nd5+ Kd7 42. Nb6+ Kc6 43. Qf6+ Kb5 44. a4+ Ka5 45. b4+ Kxb4 46. Qb2+ Ka5 47. Nc4+ Kxa4 48. Nb6+ Ka5 49. Nc4+ Ka4 50. Qa3+ Kb5 51. Rb2+ Kxc4 52. Qa2+ Kd3 53. Qb3+ Kd4 54. Qxb7 Re8 55. Qg7+ Kc4 56. Rc2+ Kb5 57. Qd7+ Kb6 58. Rb2+ Ka5 59. Qc7+ Ka4 60. Ra2+ Kb3 61. Qf7+ c4 62. Rg2 a5 63. Qb7+ Kc3 64. Qb2+ Kd3 65. Qa3+ Kd4 66. Qd6+ Kc3 67. Qa3+ Kd4 68. Qd6+ Ke3 69. Qc5+ Kd3 70. Qd5+ Kc3 71. Qxa5+ Kd3 72. Qd5+ Kc3 73. Qa5+ Kb3 74. Qa2+ Kb4 75. Rb2+ Kc5 76. Qa7+ Kd5 77. Qd7+ Kc5 78. Rb5# 1-0

[Event "Bratislava Slovan op"]
[Site "Bratislava"]
[Date "2019.05.03"]
[Round "3"]
[White "Balint, Peter1111"]
[Black "Marcek, Jan"]
[Result "0-1"]
[WhiteElo "1577"]
[BlackElo "1618"]
[PlyCount "84"]
[EventDate "2019.05.01"]
[EventType "swiss"]
[EventRounds "9"]
[EventCountry "SVK"]
[SourceTitle "CBM 190 Extra"]
[Source "ChessBase"]
[SourceDate "2019.07.15"]
[SourceVersion "1"]
[SourceVersionDate "2019.07.15"]
[SourceQuality "1"]

1. e4 c5 2. Nf3 d6 3. d4 cxd4 4. Nxd4 a6 5. Nc3 e6 6. Be3 Bd7 7. Qd2 Nf6 8. f3 Be7 9. 0-0-0 Nc6 10. Nb3 0-0 11. g4 Ne5 12. Be2 b5 13. h4 Nc4 14. Bxc4 bxc4 15. Nd4 Rb8 16. Kb1 Qb6 17. Qc1 Qb7 18. h5 d5 19. g5 Ne8 20. Rdg1 Bb4 21. Nd1 e5 22. Ne2 d4 23. Bf2 c3 24. b3 f5 25. Ng3 f4 26. Nf1 a5 27. Be1 Nd6 28. Nf2 Bb5 29. Nh2 a4 30. a3 axb3 31. axb4 b2 32. Qxb2 cxb2 33. Kxb2 Nc4+ 34. Kb1 Na3+ 35. Kb2 Ra8 36. c3 dxc3+ 37. Bxc3 Qa7 38. Nfg4 Nc4+ 39. Kc2 Qa2+ 40. Kd3 Rad8+ 41. Bd4 Rxd4+ 42. Kc3 Qb2# 0-1

[Event "Bratislava Dubravan op"]
[Site "Bratislava"]
[Date "2014.08.29"]
[Round "5"]
[White "Marcek, Jan"]
[Black "Drusan, Michal"]
[Result "1-0"]
[WhiteElo "1713"]
[BlackElo "1606"]
[PlyCount "43"]
[EventDate "2014.08.25"]
[EventType "swiss"]
[EventRounds "7"]
[EventCountry "SVK"]
[SourceTitle "EXT 2023"]
[Source "ChessBase"]
[SourceDate "2022.10.05"]
[SourceVersion "1"]
[SourceVersionDate "2022.10.05"]
[SourceQuality "1"]

1. e4 e5 2. Nf3 Nc6 3. Bc4 Nf6 4. Ng5 d5 5. exd5 Nxd5 6. Nxf7 Kxf7 7. Qf3+ Ke6 8. Nc3 Nce7 9. 0-0 c6 10. d4 exd4 11. Ne4 h6 12. Bf4 Kd7 13. Bg3 Ng8 14. Rad1 Ngf6 15. Rfe1 Be7 16. Rxd4 Qb6 17. c3 Qxb2 18. Bb3 Rf8 19. Qf5+ Kd8 20. Qe5 Qa3 21. Qc7+ Ke8 22. Nd6+ 1-0

[Event "Bratislava Dubravan op"]
[Site "Bratislava"]
[Date "2014.08.27"]
[Round "3"]
[White "Marcek, Jan"]
[Black "Kosegi, Marek"]
[Result "0-1"]
[WhiteElo "1713"]
[BlackElo "1873"]
[PlyCount "90"]
[EventDate "2014.08.25"]
[EventType "swiss"]
[EventRounds "7"]
[EventCountry "SVK"]
[SourceTitle "EXT 2023"]
[Source "ChessBase"]
[SourceDate "2022.10.05"]
[SourceVersion "1"]
[SourceVersionDate "2022.10.05"]
[SourceQuality "1"]

1. e4 c5 2. Nf3 Nc6 3. d4 cxd4 4. Nxd4 Nf6 5. Nc3 e5 6. Nxc6 bxc6 7. Bc4 Bb4 8. f3 0-0 9. 0-0 Bxc3 10. bxc3 d5 11. exd5 cxd5 12. Bd3 Qb6+ 13. Kh1 e4 14. Be2 Re8 15. Bg5 exf3 16. Bxf3 Ne4 17. Bxe4 dxe4 18. Qd4 Qxd4 19. cxd4 Ba6 20. Rfe1 Rac8 21. Rac1 h6 22. Bd2 Bc4 23. a3 Bd5 24. Re3 f5 25. Rg3 Kf7 26. Bf4 g5 27. Be5 Kg6 28. c4 Kh7 29. Rgc3 Ba8 30. c5 Bd5 31. c6 f4 32. Rc5 Bf7 33. Rb1 e3 34. Kg1 Re6 35. Rb7 Kg6 36. c7 Ra6 37. Rc3 Kf5 38. Rb8 Be6 39. d5 Bd7 40. Bh8 Rd6 41. Rxc8 Bxc8 42. Rd3 Rb6 43. h3 Rb1+ 44. Kh2 e2 45. Bc3 Rb3 0-1

[Event "Bratislava Dubravan op"]
[Site "Bratislava"]
[Date "2014.08.25"]
[Round "1"]
[White "Marcek, Jan"]
[Black "Kucera, Michal"]
[Result "0-1"]
[WhiteElo "1713"]
[BlackElo "1935"]
[PlyCount "42"]
[EventDate "2014.08.25"]
[EventType "swiss"]
[EventRounds "7"]
[EventCountry "SVK"]
[SourceTitle "EXT 2023"]
[Source "ChessBase"]
[SourceDate "2022.10.05"]
[SourceVersion "1"]
[SourceVersionDate "2022.10.05"]
[SourceQuality "1"]

1. e4 c5 2. c3 Nf6 3. d3 Nc6 4. Be2 d5 5. exd5 Nxd5 6. Nf3 e5 7. Nbd2 Be7 8. Nc4 f6 9. Nh4 0-0 10. g3 Be6 11. h3 f5 12. Ng2 Qe8 13. h4 Rd8 14. Bg5 e4 15. 0-0 Bxg5 16. hxg5 f4 17. Bg4 fxg3 18. Bxe6+ Qxe6 19. fxg3 Rxf1+ 20. Qxf1 exd3 21. Qxd3 Nb6 0-1

[Event "Bratislava Slovan op"]
[Site "Bratislava"]
[Date "2013.05.03"]
[Round "8"]
[White "Durovka, Stefan"]
[Black "Marcek, Jan"]
[Result "1-0"]
[WhiteElo "1820"]
[BlackElo "1789"]
[PlyCount "87"]
[EventDate "2013.04.27"]
[EventType "swiss"]
[EventRounds "9"]
[EventCountry "SVK"]
[SourceTitle "EXT 2023"]
[Source "ChessBase"]
[SourceDate "2022.10.05"]
[SourceVersion "1"]
[SourceVersionDate "2022.10.05"]
[SourceQuality "1"]

1. Nf3 d6 2. e4 e5 3. c3 Nf6 4. Qc2 c6 5. d4 Qc7 6. h3 Be7 7. Bg5 h6 8. Bh4 0-0 9. Bc4 Be6 10. Bxe6 fxe6 11. 0-0 Nbd7 12. Nbd2 Rf7 13. Qb3 d5 14. Rfe1 Bd6 15. c4 Re8 16. Rac1 exd4 17. cxd5 Nc5 18. Qc4 e5 19. Bxf6 Rxf6 20. dxc6+ Kh7 21. b4 Ne6 22. b5 b6 23. Nf1 Nf4 24. N1h2 Rg6 25. Nh4 Rg5 26. N2f3 Qe7 27. Kh2 Qf6 28. Rg1 d3 29. Rcd1 Rh5 30. g3 Nxh3 31. Qxd3 Nxf2 32. Qxd6 Re6 33. Qa3 Ng4+ 34. Kg2 Rg5 35. Nxg5+ Qxg5 36. Qc1 Ne3+ 37. Kh2 Rf6 38. Rdf1 Ng4+ 39. Kh3 Ne3 40. Rxf6 gxf6 41. c7 Qg4+ 42. Kh2 Qe2+ 43. Rg2 Nxg2 44. Nxg2 1-0

[Event "Bratislava Slovan op"]
[Site "Bratislava"]
[Date "2013.04.30"]
[Round "5"]
[White "Marcek, Jan"]
[Black "Blizman, Marian"]
[Result "1-0"]
[WhiteElo "1789"]
[BlackElo "1592"]
[PlyCount "63"]
[EventDate "2013.04.27"]
[EventType "swiss"]
[EventRounds "9"]
[EventCountry "SVK"]
[SourceTitle "EXT 2023"]
[Source "ChessBase"]
[SourceDate "2022.10.05"]
[SourceVersion "1"]
[SourceVersionDate "2022.10.05"]
[SourceQuality "1"]

1. e4 e5 2. Nf3 Nf6 3. Nc3 Bb4 4. Nd5 Nxd5 5. exd5 0-0 6. c3 Bc5 7. b4 Bb6 8. d3 Qe7 9. Be2 c6 10. dxc6 dxc6 11. 0-0 Bf5 12. a4 Nd7 13. a5 Bc7 14. Be3 b5 15. Qc2 a6 16. Rad1 Rac8 17. Qb2 Rfe8 18. Rfe1 e4 19. Nd4 Qe5 20. g3 exd3 21. Bxd3 Bh3 22. f3 Qf6 23. Qf2 Re7 24. g4 Rce8 25. g5 Qe5 26. Nxc6 Qxh2+ 27. Qxh2 Bxh2+ 28. Kxh2 Rxe3 29. Rxe3 Rxe3 30. Kxh3 Rxf3+ 31. Kg4 Re3 32. Bf5 1-0

[Event "Bratislava Slovan op"]
[Site "Bratislava"]
[Date "2013.04.28"]
[Round "2"]
[White "Marcek, Jan"]
[Black "Illovsky, Michal"]
[Result "1/2-1/2"]
[WhiteElo "1789"]
[BlackElo "1658"]
[PlyCount "104"]
[EventDate "2013.04.27"]
[EventType "swiss"]
[EventRounds "9"]
[EventCountry "SVK"]
[SourceTitle "EXT 2023"]
[Source "ChessBase"]
[SourceDate "2022.10.05"]
[SourceVersion "1"]
[SourceVersionDate "2022.10.05"]
[SourceQuality "1"]

1. e4 e6 2. d4 d5 3. exd5 exd5 4. Bd3 Bd6 5. g3 Nf6 6. Nf3 0-0 7. 0-0 Bg4 8. Re1 Nc6 9. c3 h6 10. Be3 Ne4 11. Nbd2 Re8 12. Be2 Qf6 13. Kg2 Ne7 14. Nh4 Bxe2 15. Qxe2 Nf5 16. Nxf5 Qxf5 17. Nf3 Qd7 18. h3 Re7 19. Qd3 Rae8 20. g4 g5 21. Re2 f5 22. gxf5 Qxf5 23. Rg1 Rf8 24. Nd2 Ref7 25. Nxe4 dxe4 26. Qc2 Qf3+ 27. Kf1 Qxh3+ 28. Ke1 Qf3 29. Qb3 g4 30. Bxh6 Re8 31. Qd5 Bf4 32. Qh5 Bxh6 33. Rxg4+ Qxg4 34. Qxg4+ Rg7 35. Rxe4 Rxg4 36. Rxe8+ Kf7 37. Rh8 Bf4 38. Ke2 Bd6 39. Rh3 Re4+ 40. Kd3 Rg4 41. Rf3+ Ke6 42. c4 Rf4 43. Rxf4 Bxf4 44. Ke4 Bc1 45. b4 c6 46. a4 a6 47. f4 Ba3 48. b5 axb5 49. cxb5 cxb5 50. axb5 Bc1 51. f5+ Kf6 52. d5 Ba3 1/2-1/2

[Event "Bratislava Slovan op"]
[Site "Bratislava"]
[Date "2013.04.28"]
[Round "3"]
[White "Vanek, Libor"]
[Black "Marcek, Jan"]
[Result "1-0"]
[WhiteElo "1662"]
[BlackElo "1789"]
[PlyCount "85"]
[EventDate "2013.04.27"]
[EventType "swiss"]
[EventRounds "9"]
[EventCountry "SVK"]
[SourceTitle "EXT 2023"]
[Source "ChessBase"]
[SourceDate "2022.10.05"]
[SourceVersion "1"]
[SourceVersionDate "2022.10.05"]
[SourceQuality "1"]

1. e4 e5 2. Nf3 Nc6 3. Bc4 Nf6 4. d3 Be7 5. 0-0 0-0 6. Qe2 d6 7. h3 Na5 8. Nbd2 Nxc4 9. Nxc4 c5 10. Bg5 h6 11. Bxf6 Bxf6 12. Ne3 Be6 13. c4 Qd7 14. Nd2 Bg5 15. Nb1 g6 16. Nc3 Kh7 17. Ned5 Rac8 18. a4 f5 19. f3 f4 20. Kh2 Bh4 21. Rh1 Rg8 22. Qc2 Rcf8 23. Kg1 g5 24. Kf1 Bg3 25. Ke2 g4 26. hxg4 Bxg4 27. fxg4 Qxg4+ 28. Kd2 Bh4 29. Kc1 f3 30. gxf3 Rxf3 31. Kb1 Rf2 32. Qb3 b6 33. Ka2 Bg5 34. Rag1 Qf3 35. Qd1 Qxd1 36. Rxd1 Bd2 37. Rdf1 Rgg2 38. Rxf2 Rxf2 39. Nb5 Bg5 40. Nxd6 Rf3 41. Rd1 h5 42. Nf5 Bf4 43. Rg1 1-0

[Event "Bratislava Slovan op"]
[Site "Bratislava"]
[Date "2013.04.27"]
[Round "1"]
[White "Kralovic, Andrej"]
[Black "Marcek, Jan"]
[Result "1-0"]
[WhiteElo "2139"]
[BlackElo "1789"]
[PlyCount "75"]
[EventDate "2013.04.27"]
[EventType "swiss"]
[EventRounds "9"]
[EventCountry "SVK"]
[SourceTitle "EXT 2023"]
[Source "ChessBase"]
[SourceDate "2022.10.05"]
[SourceVersion "1"]
[SourceVersionDate "2022.10.05"]
[SourceQuality "1"]

1. e4 e5 2. Nf3 Nc6 3. Bb5 a6 4. Ba4 Nf6 5. 0-0 d6 6. Re1 b5 7. Bb3 Na5 8. d3 Nxb3 9. axb3 c5 10. Nbd2 Be7 11. Nf1 h6 12. Ng3 g6 13. c3 h5 14. Bg5 Bg4 15. h3 Bxf3 16. Qxf3 h4 17. Nf1 Nh5 18. Be3 Bg5 19. Ra2 0-0 20. Bxg5 Qxg5 21. Rea1 Nf4 22. Rxa6 Rad8 23. Rb6 f5 24. exf5 gxf5 25. Ra7 Rf6 26. Kh2 Rg6 27. Ne3 Rf8 28. Ra8 Qf6 29. Nd5 Qg7 30. Rxf8+ Qxf8 31. Nxf4 exf4 32. Rxb5 Qe8 33. Qd5+ Kh8 34. Ra5 Qe5 35. Qxe5+ dxe5 36. Rxc5 e4 37. Rxf5 exd3 38. Rd5 1-0

[Event "SVK-ch Seniors-A"]
[Site "Tatranske Matliare"]
[Date "2011.05.??"]
[Round "1"]
[White "Marcek, Jan"]
[Black "Kebis, Milos"]
[Result "1/2-1/2"]
[WhiteElo "1791"]
[BlackElo "2010"]
[PlyCount "22"]
[EventDate "2011.05.27"]
[EventType "swiss"]
[EventRounds "9"]
[EventCountry "SVK"]
[SourceTitle "EXT 2023"]
[Source "ChessBase"]
[SourceDate "2022.10.05"]
[SourceVersion "1"]
[SourceVersionDate "2022.10.05"]
[SourceQuality "1"]

1. e4 c5 2. Nf3 d6 3. c4 Nc6 4. d4 Nf6 5. Nc3 g6 6. d5 Ne5 7. Nxe5 dxe5 8. Be2 Bg7 9. 0-0 0-0 10. Be3 b6 11. h3 Bb7 1/2-1/2

[Event "SVK-ch Seniors-A"]
[Site "Tatranske Matliare"]
[Date "2011.05.??"]
[Round "2"]
[White "Rakay, Kvetoslav"]
[Black "Marcek, Jan"]
[Result "1/2-1/2"]
[WhiteElo "2020"]
[BlackElo "1791"]
[PlyCount "62"]
[EventDate "2011.05.27"]
[EventType "swiss"]
[EventRounds "9"]
[EventCountry "SVK"]
[SourceTitle "EXT 2023"]
[Source "ChessBase"]
[SourceDate "2022.10.05"]
[SourceVersion "1"]
[SourceVersionDate "2022.10.05"]
[SourceQuality "1"]

1. e4 c5 2. Nf3 e6 3. c3 Nf6 4. e5 Nd5 5. d4 Nc6 6. Bd3 a6 7. 0-0 d6 8. Qe2 Be7 9. Rd1 cxd4 10. cxd4 Ncb4 11. exd6 Qxd6 12. Nc3 Nxd3 13. Qxd3 Nb4 14. Qe2 Bd7 15. Ne5 0-0 16. Bf4 Nd5 17. Bg3 f5 18. Nc4 Nxc3 19. bxc3 Qc6 20. Ne5 Qc8 21. Nxd7 Qxd7 22. Bf4 Rf6 23. Bg5 Rg6 24. Bxe7 Qxe7 25. Qf3 Rc8 26. Re1 Rc7 27. d5 Qf7 28. Rad1 Re7 29. dxe6 Rgxe6 30. Rxe6 Qxe6 31. g3 g6 1/2-1/2

[Event "Tatry op"]
[Site "Tatranske Zruby"]
[Date "2010.10.05"]
[Round "5"]
[White "Krca, Milan"]
[Black "Marcek, Jan"]
[Result "1-0"]
[WhiteElo "2025"]
[BlackElo "1831"]
[PlyCount "73"]
[EventDate "2010.10.02"]
[EventType "swiss"]
[EventRounds "9"]
[EventCountry "SVK"]
[SourceTitle "CBM 138 Extra"]
[Source "ChessBase"]
[SourceDate "2010.10.29"]
[SourceVersion "1"]
[SourceVersionDate "2010.10.29"]
[SourceQuality "1"]

1. e4 c5 2. Nf3 d6 3. d4 cxd4 4. Nxd4 a6 5. c4 Nf6 6. Nc3 e6 7. Be2 Be7 8. 0-0 Nc6 9. Be3 Bd7 10. f4 e5 11. Nb3 h5 12. f5 Rc8 13. Nd5 Nxd5 14. Qxd5 Nb4 15. Qd2 a5 16. a3 Nc6 17. c5 dxc5 18. Nxc5 Nd4 19. Bxd4 Bc6 20. b4 b6 21. Nb3 a4 22. Bxe5 axb3 23. Qb2 Bf6 24. Bxf6 gxf6 25. Qxb3 Qd4+ 26. Kh1 Bxe4 27. Rad1 Rg8 28. Bf3 Bxf3 29. Rxf3 Qh4 30. Qe3+ Kf8 31. Qh6+ Rg7 32. Rg3 Qxg3 33. hxg3 Kg8 34. Qxf6 Rc2 35. Qh4 Rc6 36. f6 Rg6 37. Rd8+ 1-0

[Event "Bratislava Doprastav op"]
[Site "Bratislava"]
[Date "2010.07.05"]
[Round "5"]
[White "Moravcik, Peter"]
[Black "Marcek, Jan"]
[Result "0-1"]
[WhiteElo "1675"]
[BlackElo "1838"]
[PlyCount "82"]
[EventDate "2010.07.02"]
[EventType "swiss"]
[EventRounds "9"]
[EventCountry "SVK"]
[SourceTitle "EXT 2012"]
[Source "ChessBase"]
[SourceDate "2011.11.24"]
[SourceVersion "1"]
[SourceVersionDate "2011.11.24"]
[SourceQuality "1"]

1. e4 c5 2. Nf3 d6 3. Bc4 e6 4. Nc3 a6 5. a4 Nc6 6. d4 cxd4 7. Nxd4 Ne5 8. Be2 Nf6 9. 0-0 Be7 10. Be3 0-0 11. a5 Bd7 12. f4 Nc6 13. f5 Nxa5 14. fxe6 fxe6 15. Rf3 g6 16. Qd2 Nc6 17. Bc4 Nxd4 18. Bxd4 b5 19. Bd3 Bc6 20. b4 Rf7 21. Raf1 e5 22. Be3 Bf8 23. Bg5 Be7 24. Nd5 Bxd5 25. exd5 Qb6+ 26. Be3 Qc7 27. R3f2 Rc8 28. Bg5 Rcf8 29. Qe2 Bd8 30. h4 Nxd5 31. Rxf7 Rxf7 32. Rxf7 Kxf7 33. Qf3+ Nf6 34. Be4 Kg7 35. Bxf6+ Bxf6 36. h5 Qe7 37. Qg4 Qa7+ 38. Kh2 Qf7 39. hxg6 hxg6 40. Bf5 Bd8 41. Kh3 Qxf5 0-1

[Event "Bratislava Doprastav op"]
[Site "Bratislava"]
[Date "2010.07.04"]
[Round "4"]
[White "Marcek, Jan"]
[Black "Vrbiar, Tomas"]
[Result "0-1"]
[WhiteElo "1838"]
[BlackElo "1538"]
[PlyCount "70"]
[EventDate "2010.07.02"]
[EventType "swiss"]
[EventRounds "9"]
[EventCountry "SVK"]
[SourceTitle "EXT 2012"]
[Source "ChessBase"]
[SourceDate "2011.11.24"]
[SourceVersion "1"]
[SourceVersionDate "2011.11.24"]
[SourceQuality "1"]

1. e4 c6 2. d4 d5 3. e5 Bf5 4. Bd3 Bxd3 5. Qxd3 e6 6. c3 c5 7. Nf3 cxd4 8. Nxd4 a6 9. 0-0 Ne7 10. Nd2 Ng6 11. f4 Bc5 12. N2f3 Nc6 13. Kh1 0-0 14. Be3 Bxd4 15. cxd4 Rc8 16. a3 Nce7 17. g4 f5 18. g5 Qd7 19. Rg1 Rc6 20. h4 Rfc8 21. Rg2 Qe8 22. Rh2 Kh8 23. h5 Nf8 24. Rg1 g6 25. hxg6 Nexg6 26. Rg3 R8c7 27. Rgh3 Rc1+ 28. Ng1 Ra1 29. Rf2 Qa4 30. Kh2 Rd1 31. Qe2 Qb3 32. Bd2 Rxg1 33. Kxg1 Qxh3 34. Qf3 Qxf3 35. Rxf3 Nd7 0-1

[Event "Bratislava Doprastav op"]
[Site "Bratislava"]
[Date "2010.07.03"]
[Round "2"]
[White "Marcek, Jan"]
[Black "Tomcik, Leon"]
[Result "0-1"]
[WhiteElo "1838"]
[BlackElo "1675"]
[PlyCount "108"]
[EventDate "2010.07.02"]
[EventType "swiss"]
[EventRounds "9"]
[EventCountry "SVK"]
[SourceTitle "EXT 2012"]
[Source "ChessBase"]
[SourceDate "2011.11.24"]
[SourceVersion "1"]
[SourceVersionDate "2011.11.24"]
[SourceQuality "1"]

1. e4 e6 2. d4 d5 3. Nc3 Bb4 4. Bd3 dxe4 5. Bxe4 c6 6. Nge2 Nf6 7. Bd3 Qa5 8. Bd2 Nbd7 9. a3 Be7 10. 0-0 Qh5 11. Qe1 Bd6 12. Ng3 Qh4 13. Nce4 Nxe4 14. Qxe4 Qxe4 15. Nxe4 Be7 16. Rae1 Nf6 17. Bg5 Nxe4 18. Bxe7 Nd2 19. Bb4 Nxf1 20. Kxf1 Bd7 21. c4 0-0-0 22. Bc3 f6 23. b4 h6 24. Rc1 Be8 25. Be4 Rf8 26. Bf3 Rf7 27. c5 Re7 28. a4 e5 29. dxe5 fxe5 30. Be4 Bf7 31. b5 Bd5 32. Bf5+ Be6 33. Be4 Bc4+ 34. Ke1 Bd5 35. Bf5+ Kb8 36. g3 Rf8 37. Bh3 g6 38. Bd2 Ref7 39. Be3 g5 40. Bf1 g4 41. Rb1 h5 42. a5 Ka8 43. a6 Rb8 44. axb7+ Rfxb7 45. b6 Rd8 46. Ba6 axb6 47. cxb6 Rbd7 48. b7+ Kb8 49. Bb6 Rf8 50. Be3 Bf3 51. Bc5 Rfd8 52. Be2 Bxe2 53. Kxe2 Rxb7 54. Bb6 Rd5 0-1

[Event "SVK-ch Seniors-A"]
[Site "Tatranske Matliare"]
[Date "2010.06.??"]
[Round "8"]
[White "Marcek, Jan"]
[Black "Chrenko, Peter"]
[Result "0-1"]
[WhiteElo "1801"]
[BlackElo "1914"]
[PlyCount "108"]
[EventDate "2010.06.06"]
[EventType "swiss"]
[EventRounds "9"]
[EventCountry "SVK"]
[SourceTitle "EXT 2023"]
[Source "ChessBase"]
[SourceDate "2022.10.05"]
[SourceVersion "1"]
[SourceVersionDate "2022.10.05"]
[SourceQuality "1"]

1. e4 d6 2. Nf3 Nf6 3. e5 dxe5 4. Nxe5 Nbd7 5. Nxd7 Bxd7 6. Be2 g6 7. c3 c5 8. Bf3 Qc7 9. d3 Bg7 10. g3 Bc6 11. 0-0 0-0 12. Bf4 e5 13. Bxc6 exf4 14. Bf3 Rad8 15. Qc2 fxg3 16. hxg3 Nd7 17. Na3 Ne5 18. Be4 Kh8 19. Rad1 f5 20. Bh1 f4 21. Be4 fxg3 22. f3 Bh6 23. Qe2 Qe7 24. Kg2 Qg5 25. Nc2 Rf6 26. Rh1 Ng4 27. Rdf1 Nf2 28. Rxf2 gxf2+ 29. Kxf2 Rf4 30. Ne1 Rh4 31. Rg1 Rh2+ 32. Ng2 Qh4+ 33. Kf1 Qh3 34. Bxb7 Rf8 35. Be4 Bf4 36. Ke1 Rh1 37. Rxh1 Qxh1+ 38. Qf1 Bg3+ 39. Ke2 Qxf1+ 40. Kxf1 g5 41. Ne3 Bf4 42. Nf5 Bc1 43. b3 Rf6 44. c4 h6 45. Kg2 h5 46. Ng3 h4 47. Nf5 Ra6 48. a4 Rb6 49. d4 Rxb3 50. d5 Bf4 51. d6 Rb2+ 52. Kg1 h3 53. d7 h2+ 54. Kh1 Rd2 0-1